Ont-ils déjà joué avec... Timothée Chalamet ? - Statistiques

Statistiques générales
  • Ce quiz a été pris 41 fois
  • Le résultat moyen est 3 sur 10
Answers on the Grid
Answers color-coded by a green-red scale on the quiz's grid according to % correct below.
Bradley Cooper
Pierre Niney
Faye Dunaway
Shelley Duvall
Winona Ryder
John Cena
Sandr Bullock
Harrison Ford
George Clooney
Charlotte Le Bon
Steve Carell
Saoirse Ronan
Denis Ménochet
Diane Keaton
Selena Gomez
Adam Sandler
Amber Heard
Christian Bale
Meryl Streep
Tomer Sisley
 
Statistiques - réponses
Réponse % Correct
Saoirse Ronan
60%
Selena Gomez
57%
Steve Carell
54%
Meryl Streep
46%
Christian Bale
34%
Adam Sandler
31%
Tomer Sisley
23%
Amber Heard
14%
Denis Ménochet
14%
Diane Keaton
11%
Aucun quiz correspondant
Distribution des résultats
% des personnes avec chaque résultat
Percentile par nombre de réponses
Votre historique - résultats
Vous n’avez pas pris ce quiz